| 000 | 00645nam a2200205 i 4500 | ||
|---|---|---|---|
| 001 | 97121 | ||
| 003 | ES-MaACL | ||
| 005 | 20250701212929.0 | ||
| 007 | t| | ||
| 008 | 050707m19361948sp ||||1| cat d | ||
| 100 | 1 |
_aManyà, Joan B. _b1884-1976. _976191 |
|
| 245 | 1 | 3 |
_aEl talent _b: estudi psicològic / _cJuan B. Manyà ; próleg del P. Ignasi Casanovas. |
| 260 |
_aBarcelona : _bBiblioteca Balmes, _c1936-1948. |
||
| 300 |
_a2 v. ; _c19 cm. |
||
| 490 | 1 | _aBiblioteca filosófica | |
| 700 | 1 |
_aCasanovas, Ignasi. _936123 |
|
| 830 | 0 | 0 |
_aBiblioteca filosófica _9179275 |
| 852 |
_aES-MaACL _jB-7374-75 _bR.28879 |
||
| 999 |
_c97121 _d97121 |
||